000 00559nam a2200205Ia 4500
003 OSt
005 20220926041106.0
006 a|||||r|||| 00| 0
007 ta
008 220923b |||||||| |||| 00| 0 eng d
037 _cGeneral Book
040 _aRTL
_cRTL
_beng
041 _2eng
_aeng
082 _aa14,149G,N5, K8/BB
100 _aCase Margaret H
245 0 _aSouth Asian history, 1750-1950
_b A guide to periodi
260 _c1968
942 _ha14,149G,N5, K8/BB
_cGB
_2CC
999 _c666350
_d666350